Classical Mechanics (Record no. 16314)

MARC details
000 -LEADER
fixed length control field 00712nam a22002657a 4500
003 - CONTROL NUMBER IDENTIFIER
control field PK-NaQUE
005 - DATE AND TIME OF LATEST TRANSACTION
control field 20251126130547.0
008 - FIXED-LENGTH DATA ELEMENTS--GENERAL INFORMATION
fixed length control field 251126b ||||| |||| 00| 0 eng d
020 ## - INTERNATIONAL STANDARD BOOK NUMBER
International Standard Book Number ‎9780074603154
022 ## - INTERNATIONAL STANDARD SERIAL NUMBER
International Standard Serial Number ‎978-0074603154
040 ## - CATALOGING SOURCE
Transcribing agency QUEST
082 ## - DEWEY DECIMAL CLASSIFICATION NUMBER
Classification number 531RAN
100 ## - MAIN ENTRY--PERSONAL NAME
Personal name Rana, Narayan Chandra
245 ## - TITLE STATEMENT
Title Classical Mechanics
260 ## - PUBLICATION, DISTRIBUTION, ETC. (IMPRINT)
Place of publication, distribution, etc New Delhi:
Name of publisher, distributor, etc Mcgraw-Hill,
Date of publication, distribution, etc 2014.
300 ## - PHYSICAL DESCRIPTION
Extent 607p. ;
650 ## - SUBJECT ADDED ENTRY--TOPICAL TERM
Topical term or geographic name as entry element Mechanics, Analytic
650 ## - SUBJECT ADDED ENTRY--TOPICAL TERM
Topical term or geographic name as entry element Mathematics
650 ## - SUBJECT ADDED ENTRY--TOPICAL TERM
Topical term or geographic name as entry element Physics
650 ## - SUBJECT ADDED ENTRY--TOPICAL TERM
Topical term or geographic name as entry element Mechanical engineering
650 ## - SUBJECT ADDED ENTRY--TOPICAL TERM
Topical term or geographic name as entry element Mechanics
700 ## - ADDED ENTRY--PERSONAL NAME
Personal name Joag, Pramof Sharadchandra
856 ## - ELECTRONIC LOCATION AND ACCESS
Uniform Resource Identifier <a href="http://10.10.170.122:8080/browse/book/28978">http://10.10.170.122:8080/browse/book/28978</a>
Link text Download eBook
942 ## - ADDED ENTRY ELEMENTS (KOHA)
Koha item type Books
Source of classification or shelving scheme Dewey Decimal Classification
Holdings
Withdrawn status Lost status Source of classification or shelving scheme Damaged status Not for loan Home library Current library Shelving location Date acquired Cost, normal purchase price Total Checkouts Full call number Barcode Date last seen Koha item type
    Dewey Decimal Classification     Reference Section Reference Section Reference 13/07/2016 1490.00   531RAN (Shelf - 32C) 53929 13/07/2016 Books